00713nam a2200229 i 4500001000300000003000400003005001700007008003900024015001700063040001400080080001100094080001200105100004000117245004800157250001200205260005600217300003300273504001400306650003500320655003000355856009800385bgBPK20190719115211.0070620s1969 pl a f f |000 0 pol aPB 1969/6264 aWA NcBPK a621.01 a(075.8)1 aKorewa, Witoldd(1899-1976).eAutor10aCzęści maszyn.nCz. 2 /cWitold Korewa. aWyd. 7. aWarszawa :bPaństwowe Wydawnictwo Naukowe,c1969. a201, [1] s. :bil. ;c23 cm. aBibliogr. 4aMaszynyxbudowa i konstrukcje. 4aPodręczniki akademickie uhttp://koha.tu.koszalin.pl/cgi-bin/koha/opac-detail.pl?biblionumber=10168yKatalog online BPK